000
00301nam a22001337a 4500
020
_a
9788231158954
082
_a
297.1 LYO
100
_a
Lyons, Jonathan
245
_a
Islam through Western Eyes
260
_a
N Y
_b
Columbia University Press
_c
2014
300
_a
260
650
_a
Islam
942
_c
BK
999
_c
20043
_d
20043